[Event "AUTO-MASTER-1481"]
[Site "http://www.queenalice.com/game.php?id=977105"]
[Date "2011.8.26"]
[Round "1"]
[White "rpalmero"]
[Black "cleber"]
[Result "0-1"]
[WhiteElo "2031"]
[BlackElo "2175"]

1. c4 Nf6 2. Nc3 e6 3. e3 d5 4. cxd5 exd5 5. a3 Be7 6. Qc2 O-O 7. Nf3 c6 8. h3
b6 9. b4 Bb7 10. Bb2 Nbd7 11. Bd3 Rc8 12. Qb3 Re8 13. Rc1 c5 14. bxc5 Nxc5 15.
Qc2 Nfe4 16. Bb5 Bc6 17. a4 a6 18. Bxc6 Rxc6 19. Nxe4 dxe4 20. Nd4 Nd3+ 0-1

[Event "AUTO-MASTER-1481"]
[Site "http://www.queenalice.com/game.php?id=977106"]
[Date "2011.8.26"]
[Round "1"]
[White "cleber"]
[Black "jepoy100"]
[Result "1-0"]
[WhiteElo "2172"]
[BlackElo "2024"]

1. e4 c5 2. Nc3 Nc6 3. g3 d6 4. Bg2 Bd7 5. d3 Nf6 6. f4 e6 7. Nf3 Be7 8. O-O O-O
9. h3 Nh5 10. Kh2 f5 11. exf5 exf5 12. Ng5 Nf6 13. Nd5 h6 14. Nxf6+ Bxf6 15.
Bd5+ Kh8 16. Nf7+ Rxf7 17. Bxf7 Qf8 18. Bd5 Be8 19. c3 Bg6 20. Be3 Re8 21. Qf3
Re7 22. Rae1 Nd8 23. Bf2 b6 24. Rxe7 Qxe7 25. Re1 Qf8 26. g4 fxg4 27. hxg4 Bh7
28. g5 hxg5 29. fxg5 Be5+ 30. Rxe5 Qxf3 31. Re8+ Bg8 32. Bxf3 1-0

[Event "AUTO-MASTER-1481"]
[Site "http://www.queenalice.com/game.php?id=977107"]
[Date "2011.8.26"]
[Round "1"]
[White "jepoy100"]
[Black "cleber"]
[Result "0-1"]
[WhiteElo "2083"]
[BlackElo "2165"]

1. e4 c5 2. Nf3 e6 3. Bc4 d6 4. O-O Nf6 5. Nc3 Be7 6. d3 O-O 7. a3 a6 8. Bg5 b5
9. Ba2 Bb7 10. Qd2 Nbd7 11. h3 Re8 12. Ne2 e5 13. Ng3 d5 14. exd5 Nxd5 15. Bxe7
Qxe7 16. Nf5 Qf6 17. Ne3 Nf4 18. Ng4 Qd6 19. Ngxe5 Nxe5 20. Nxe5 Qxe5 21. Rfe1
Qg5 0-1

[Event "AUTO-OPEN-2463"]
[Site "http://www.queenalice.com/game.php?id=979670"]
[Date "2011.9.1"]
[Round "1"]
[White "smothered_mate"]
[Black "cleber"]
[Result "1-0"]
[WhiteElo "2295"]
[BlackElo "2196"]

1. d4 Nf6 2. c4 c5 3. d5 e6 4. Nc3 exd5 5. cxd5 d6 6. e4 g6 7. Nf3 Bg7 8. Bd3
O-O 9. h3 a6 10. O-O b5 11. a3 Re8 12. Be3 Nbd7 13. b4 c4 14. Bc2 Bb7 15. Bd4
Nh5 16. Bxg7 Kxg7 17. a4 Qb6 18. axb5 axb5 19. Qd4+ Nhf6 20. Qxb6 Nxb6 21. Nd4
Na4 22. Ncxb5 Nb2 23. Nxd6 1-0

[Event "AUTO-OPEN-2463"]
[Site "http://www.queenalice.com/game.php?id=979671"]
[Date "2011.9.1"]
[Round "1"]
[White "cleber"]
[Black "smothered_mate"]
[Result "0-1"]
[WhiteElo "2173"]
[BlackElo "2298"]

1. e4 c6 2. d4 d5 3. Nd2 dxe4 4. Nxe4 Bf5 5. Ng3 Bg6 6. h4 h6 7. N1e2 e6 8. Nf4
Bh7 9. Bc4 Nf6 10. Qe2 Bd6 11. Bxe6 O-O 0-1

[Event "AUTO-OPEN-2463"]
[Site "http://www.queenalice.com/game.php?id=979715"]
[Date "2011.9.1"]
[Round "1"]
[White "ams07"]
[Black "cleber"]
[Result "0-1"]
[WhiteElo "1470"]
[BlackElo "2156"]

1. e4 c5 2. c4 Nc6 3. d3 d6 4. Nf3 Nf6 5. Nc3 e6 6. g3 Be7 7. Bg2 O-O 8. O-O a6
9. Bg5 Re8 10. Bxf6 Bxf6 11. a3 Rb8 12. b3 b5 13. Qc2 b4 14. axb4 cxb4 15. Na4
Bxa1 0-1

[Event "AUTO-MASTER-1485"]
[Site "http://www.queenalice.com/game.php?id=979815"]
[Date "2011.9.1"]
[Round "1"]
[White "dadge"]
[Black "cleber"]
[Result "1-0"]
[WhiteElo "2171"]
[BlackElo "2171"]

1. e4 c5 2. Nf3 e6 3. d4 cxd4 4. Nxd4 Nc6 5. Be3 Qc7 6. a3 a6 7. Nc3 Nf6 8. g3
Be7 9. Bg2 O-O 10. O-O d6 11. h3 Rb8 12. Qd2 e5 13. Nf3 Be6 14. Bg5 h6 15. Bxf6
Bxf6 16. Nd5 Bxd5 17. Qxd5 Ne7 18. Qb3 b5 19. Rad1 Rfd8 20. Rd3 Nc8 21. Rfd1 Nb6
22. c3 Nc4 23. Qa2 a5 24. b3 Nb6 25. Qd2 Be7 26. h4 Nc8 27. Nh2 h5 28. Nf1 g6
29. Ne3 Bf8 30. Nd5 Qc5 31. b4 axb4 32. cxb4 Qa7 33. Rc1 Nb6 34. Rc7 Rb7 35.
Nf6+ Kg7 36. Rxb7 Qxb7 37. Nxh5+ gxh5 38. Qg5+ Kh7 39. Qxd8 Kg7 40. Qg5+ Kh7 41.
Qxh5+ Bh6 42. Rxd6 1-0

[Event "AUTO-MASTER-1485"]
[Site "http://www.queenalice.com/game.php?id=979816"]
[Date "2011.9.1"]
[Round "1"]
[White "cleber"]
[Black "dadge"]
[Result "1/2-1/2"]
[WhiteElo "2157"]
[BlackElo "2174"]

1. e4 c5 2. Nc3 d6 3. g3 Nc6 4. Bg2 Nf6 5. d3 g6 6. f4 Bg7 7. Nf3 Bg4 8. h3 Bxf3
9. Qxf3 Nd4 10. Qf2 Qc7 11. O-O O-O 12. Be3 e5 13. Nd5 Nxd5 14. exd5 Nf5 15. c3
Rae8 16. Rae1 b5 17. a3 a5 18. Bd2 f6 19. g4 Ne7 20. fxe5 fxe5 21. Qh4 Kh8 22.
Be4 Qd7 23. Bg5 Rxf1+ 24. Rxf1 Kg8 25. Bf6 Nc8 26. Qg5 Rf8 27. Bxg7 Rxf1+ 28.
Kxf1 Kxg7 29. Kg2 Qe7 30. Qxe7+ Nxe7 31. h4 Nc8 32. b3 Nb6 33. c4 b4 34. a4 Nd7
35. Kg3 Nf8 36. g5 h6 37. Kg4 1/2-1/2

[Event "AUTO-MASTER-1485"]
[Site "http://www.queenalice.com/game.php?id=979829"]
[Date "2011.9.1"]
[Round "1"]
[White "cleber"]
[Black "Nille"]
[Result "0-1"]
[WhiteElo "2198"]
[BlackElo "1956"]

1. e4 e5 2. Nf3 d6 3. d4 exd4 4. Nxd4 h6 5. Bc4 Nf6 6. Nc3 Be7 7. O-O a6 8. h3
b5 9. Bd3 c5 10. Nf5 O-O 11. Qf3 Nc6 12. Qg3 Bxf5 13. exf5 Kh7 14. Ne4 d5 15.
Nxf6+ Bxf6 16. c3 c4 17. Bc2 d4 18. cxd4 Nxd4 19. Be4 Ne2+ 0-1

[Event "AUTO-MASTER-1485"]
[Site "http://www.queenalice.com/game.php?id=979830"]
[Date "2011.9.1"]
[Round "1"]
[White "Nille"]
[Black "cleber"]
[Result "0-1"]
[WhiteElo "1887"]
[BlackElo "2076"]

1. e4 c5 2. Nf3 e6 3. Bc4 d6 4. Nc3 Nf6 5. a3 Be7 6. d3 O-O 7. O-O Nc6 8. Bd2 a6
9. h3 b5 10. Ba2 Qc7 11. Ne2 Bb7 12. c3 d5 13. exd5 exd5 14. Nf4 Ne5 15. Nxe5
Qxe5 16. Re1 Qd6 17. b3 Rfe8 18. a4 d4 19. cxd4 cxd4 20. Qc1 Nd5 21. Re4 Bg5 22.
Nxd5 Bxd2 23. Rxe8+ Rxe8 24. Qxd2 Qxd5 25. f3 Qe5 26. axb5 axb5 27. b4 Qe3+ 28.
Qxe3 Rxe3 29. Rd1 Re2 30. Bb1 Rb2 31. Re1 Kf8 32. Kh2 Bxf3 33. Rg1 Bxg2 34. Rxg2
Rxb1 0-1

[Event "AUTO-MASTER-1485"]
[Site "http://www.queenalice.com/game.php?id=979831"]
[Date "2011.9.1"]
[Round "1"]
[White "cleber"]
[Black "pomar"]
[Result "1-0"]
[WhiteElo "2188"]
[BlackElo "2052"]

1. e4 e6 2. d4 d5 3. Nd2 c5 4. Ngf3 Qb6 5. exd5 exd5 6. Be2 cxd4 7. O-O Bd6 8.
Nb3 Nc6 9. Nfxd4 Nge7 10. Bg5 f6 11. Bh5+ Kf8 12. Be3 Qc7 13. h3 g6 14. Bg4 f5
15. Bf3 Kg7 16. Nb5 Qd7 17. Nxd6 Qxd6 18. Bc5 Qd8 19. Qd2 Be6 20. Rfe1 Qd7 21.
Bd4+ Nxd4 22. Qxd4+ Kf7 23. Nc5 Nc6 24. Qe3 1-0

[Event "AUTO-MASTER-1485"]
[Site "http://www.queenalice.com/game.php?id=979832"]
[Date "2011.9.1"]
[Round "1"]
[White "pomar"]
[Black "cleber"]
[Result "0-1"]
[WhiteElo "2115"]
[BlackElo "2153"]

1. f3 e5 2. Kf2 d5 3. e3 Nf6 4. c4 Bd6 5. cxd5 Nxd5 6. Qb3 c6 7. Bc4 O-O 8. Bxd5
cxd5 9. Qxd5 Nc6 10. Nc3 Be6 11. Qe4 f5 12. Qa4 f4 13. Nge2 Qh4+ 14. g3 fxg3+
15. Nxg3 Bg4 16. Qb3+ Kh8 17. Qxb7 Rxf3+ 18. Kg1 Rxg3+ 0-1

[Event "AUTO-OPEN-2233"]
[Site "http://www.queenalice.com/game.php?id=981770"]
[Date "2011.9.5"]
[Round "3"]
[White "luciano59"]
[Black "cleber"]
[Result "1-0"]
[WhiteElo "2460"]
[BlackElo "2180"]

1. e4 c5 2. Nf3 e6 3. d4 cxd4 4. Nxd4 a6 5. Bd3 Qb6 6. c3 Nc6 7. Nxc6 Qxc6 8.
O-O d6 9. Be3 Nf6 10. Nd2 Be7 11. Nc4 b5 12. Nb6 Rb8 13. Nxc8 Rxc8 14. a4 O-O
15. axb5 axb5 16. Ra7 Nd7 17. Qe2 Rb8 18. Rfa1 b4 19. cxb4 Rxb4 20. Rc1 1-0

[Event "AUTO-OPEN-2233"]
[Site "http://www.queenalice.com/game.php?id=981771"]
[Date "2011.9.5"]
[Round "3"]
[White "cleber"]
[Black "luciano59"]
[Result "0-1"]
[WhiteElo "2159"]
[BlackElo "2472"]

1. e4 e5 2. Nf3 Nc6 3. Bb5 a6 4. Ba4 Nf6 5. O-O Be7 6. Re1 b5 7. Bb3 d6 8. c3
O-O 9. h3 Bb7 10. d4 Re8 11. Nbd2 Bf8 12. d5 Nb8 13. Nf1 Nbd7 14. g4 h6 15. Ng3
Qc8 16. Nf5 Nc5 17. Bc2 c6 18. dxc6 Qxc6 19. Ng3 Rad8 20. Qe2 d5 21. exd5 Qxd5
22. Bd1 Nd3 23. Rf1 Nf4 24. Qe3 Nxh3+ 0-1

[Event "AUTO-OPEN-2302"]
[Site "http://www.queenalice.com/game.php?id=990126"]
[Date "2011.9.26"]
[Round "2"]
[White "ylisavbots"]
[Black "cleber"]
[Result "1-0"]
[WhiteElo "2433"]
[BlackElo "2175"]

1. d4 Nf6 2. c4 c5 3. e3 g6 4. Nc3 Bg7 5. Nf3 O-O 6. Bd3 cxd4 7. exd4 d5 8. h3
Nc6 9. Be3 Be6 10. c5 Qa5 11. O-O b6 12. Bd2 Nb4 13. Na4 bxc5 14. a3 1-0

[Event "AUTO-OPEN-2302"]
[Site "http://www.queenalice.com/game.php?id=990127"]
[Date "2011.9.26"]
[Round "2"]
[White "cleber"]
[Black "ylisavbots"]
[Result "0-1"]
[WhiteElo "2162"]
[BlackElo "2441"]

1. e4 c6 2. d4 d5 3. Nd2 dxe4 4. Nxe4 Bf5 5. Ng3 Bg6 6. h4 h6 7. N1e2 e6 8. Nf4
Bh7 9. Bc4 Nf6 10. Qe2 Bd6 11. Be3 Qc7 12. Ngh5 Bxf4 13. Nxf4 Qd6 14. O-O-O Nbd7
15. g4 Nd5 16. Nxd5 cxd5 17. Bb5 O-O-O 18. f4 a6 19. Bd3 Bxd3 20. Rxd3 f5 21.
gxf5 Nf6 0-1